| Поле | Название | Значение |
| |
Тип записи |
c |
| |
Библиографический уровень |
m |
| 001 |
Контрольный номер |
RU/IS/BASE/439818117 |
| 005 |
Дата корректировки |
20201206204905.1 |
| 010 |
Индекс ISBN |
__ |
| a |
ISBN |
979-0-66004-445-2 |
| d |
Цена |
290-72 |
| 101 |
Язык документа |
0_ |
| a |
Язык текста |
rus |
| 200 |
Заглавие и сведения об ответственности |
1_ |
| a |
Заглавие |
Играем с малышами |
| e |
Сведения, относящиеся к заглавию |
логоритм. игры для детей мл. дошк. возраста |
| f |
Первые сведения об ответственности |
Галина Вихарева |
| b |
Общее обозначение материала |
Ноты |
| 210 |
Выходные данные |
__ |
| a |
Место издания |
Санкт-Петербург |
| c |
Издательство |
Композитор. Санкт-Петербург |
| d |
Дата издания |
2007 |
| 215 |
Физическое описание |
__ |
| a |
Объем |
34, [2] с. |
| c |
Иллюстрации/тип воспроизводства |
нот. |
| d |
Формат |
30 |
| 330 |
Аннотация |
__ |
| a |
Аннотация |
Предлагается учебно-практический материал по музыкальному воспитанию детей младшего дошкольного возраста. Рекомендуются игры, упражнения с рифмованной подсказкой к заданным движениям. Тексты должны помочь ребенку ярче представить и выразительнее передать в движениях смысл услышанного. Рифмованные тексты способствуют развитию речи и совершенствуют произношение детей. В младшем дошкольном возрасте дети только подпевают педагогу. Он является примером для подражания. Если он хочет, чтобы дети выполняли движения выразительно и с большим удовольствием, он должен преподносить материал очень эмоционально. Пособие адресовано музыкальным руководителям детских садов, домов ребенка, музыкальных студий, логопедам, психологам и родителям, занимающимся со своими детьми. |
| 606 |
Тематические рубрики |
__ |
| a |
Основная рубрика |
Музыка и зрелищные искусства |
| 606 |
Тематические рубрики |
__ |
| a |
Основная рубрика |
Теория музыки |
| 610 |
Ключевые слова |
__ |
| a |
Ключевые слова |
музыкальные произведения; ритм; музыкальный ритм; песни; логоритмика; логоритмические занятия; музыкальное воспитание; дошкольники; дошкольный возраст; младший дошкольный возраст; развитие речи; логоритмические игры; логоритмические упражнения |
| 686 |
Индексы других классификаций |
__ |
| a |
Классификационный индекс |
85.907 |
| 700 |
Автор |
_1 |
| a |
Фамилия |
Вихарева |
| b |
Имя |
Г. Ф. |
| g |
Полное личное имя |
Галина Федоровна |
| 4 |
Код отношения |
070 |
| 801 |
Источник записи |
_0 |
| a |
Страна |
RU |
| b |
Организация |
Муниципальное бюджетное учреждение культуры "Централизованная библиотечная система" г. Сургут (Центральная городская библиотека им. А. С. Пушкина) |
| g |
Правила каталогизации |
КиК/Лукашук |
| 801 |
Источник записи |
_1 |
| a |
Страна |
RU |
| b |
Организация |
Муниципальное бюджетное учреждение культуры "Централизованная библиотечная система" г. Сургут (Центральная городская библиотека им. А. С. Пушкина) |
| g |
Правила каталогизации |
КиК/Лукашук |
| 852 |
Данные о местонахождении |
__ |
| j |
Шифр хранения |
85.907 |
| i |
Авторский знак |
В 54 |
| 901 |
Тип документа |
__ |
| t |
Тип документа |
m |
| 903 |
Характеристики (МАРС) |
__ |
| a |
Дата передачи |
20131208 |
| 969 |
Тип издания |
__ |
| a |
Тип издания |
нотное издание |
| 990 |
Данные о заказе (DOS) |
__ |
| j |
Количество экземпляров (DOS) |
1 |
| t |
N записи в КСУ для И/У (DOS) |
201311 |